000 00342nam a2200145Ia 4500
008 191201s2009 xx 000 0 und d
082 _a658.421
_bFEC
100 _aFERNANDO, AC
245 0 _aCorporate Governance Principle, Policy
250 _aIMP
260 _aN.Delhi
_bPearson
_c2009
300 _a575
650 _aMBA
942 _2ddc
_cBK
999 _c4127
_d4127